000 00350nam a2200121Ia 4500
005 20251222141920.0
008 251222s9999||||xx |||||||||||||| ||spa||
082 _a657.42/S68
100 _aSoria Flores, Jaime
245 0 _aCostos para la Toma de Decisiones Gerenciales
264 _bCentro de Especialización en Contabilidad y Finanzas
942 _cLIB
999 _c8698
_d8698